| 000 | 00716cab a2200241 4500 | ||
|---|---|---|---|
| 001 | WB3307-31 | ||
| 008 | 090401t1997 xxu||||| |||| 00| 0 eng d | ||
| 035 | _a(Sirsi) u49602 | ||
| 041 | _aeng | ||
| 245 | _aConrad Ritblat profits up by 76% | ||
| 260 | _c1997 | ||
| 350 | _a0 | ||
| 490 |
_aEstates Gazette _v(9706) 8 February 1997, 62(1) |
||
| 520 | _aConrad Ritblat who bought up Erdman Lewis in 1996 has reported a 76% increase in its half year profit. | ||
| 650 | _aABOUT RICS-RICS MEMBERS | ||
| 650 | _aCONRAD RITBLAT | ||
| 650 | _aMERGERS | ||
| 650 | _aRESULTS | ||
| 650 | _aSURVEYING FIRMS | ||
| 690 | _aMANAGEMENT-BUSINESS MANAGEMENT-PROFESSIONAL PRACTICE | ||
| 942 | _n0 | ||
| 948 | _c04/03/1997 | ||
| 999 |
_c31052 _d31052 |
||